| 000 | 00465pab a2200157 454500 | ||
|---|---|---|---|
| 008 | 180718b2015 xxu||||| |||| 00| 0 eng d | ||
| 100 | _aCharbonneau, Etienne | ||
| 245 | _aPerformance management in a benchmarking regime: Quebec's municipal management indicators | ||
| 260 | _c2015 | ||
| 300 | _ap.110-137. | ||
| 362 | _aMar | ||
| 650 | _aPerformance appraisal | ||
| 700 | _aBellavance, Francois | ||
| 773 | _aCanadian Public Administration | ||
| 909 | _a108602 | ||
| 999 |
_c108597 _d108597 |
||